Представление документа в формате RUSMARC

ПолеНазваниеЗначение
  Тип записи a
  Библиографический уровень m
001 Контрольный номер RU/ГПНТБ России/IBIS/Д/С 79-544950716
005 Дата корректировки 20260430154856.2
010 Индекс ISBN __
a ISBN 978-5-6051519-2-0
b Уточнения в пер.
9 Тираж 2000
100 Данные общей обработки __
a Данные общей обработки 20260430d2024 bccy0rusy5050 ca
101 Язык документа 1_
a Язык текста rus
c Язык оригинала eng
102 Страна публикации __
a Страна публикации RU
105 Кодированные данные (монография) __
a Кодированные данные (монография) a zz 000ay
181 Поле кодированных данных: вид содержания _0
a Код вида содержания (ISBD) i
182 Поле кодированных данных: тип средства _0
a Код типа средства (ISBD) n
200 Заглавие и сведения об ответственности 1_
a Заглавие Каждая собака в моем районе
e Сведения, относящиеся к заглавию для дошкольного и младшего школьного возраста
f Первые сведения об ответственности автор Филип К. Стед
g Последующие сведения об ответственности перевёл [с английского] Александр Шмаков ; иллюстратор Мэттью Корделл
203 Вид содержания и тип средства __
c Тип средства непосредственный
a Вид содержания Текст
210 Выходные данные 1_
a Место издания Санкт-Петербург
c Издательство Гудвин
c Издательство Независимый альянс
d Дата издания 2024
215 Физическое описание __
a Объем [46] с.
c Иллюстрации/тип воспроизводства цв. ил.
d Формат 31 см
333 Примечание о целевом назначении __
a Примечание о целевом назначении информационная продукция для детей, не достигших возраста шести лет
333 Примечание о целевом назначении __
a Примечание о целевом назначении для детей ясельного возраста, 0-5 лет
333 Примечание о целевом назначении __
a Примечание о целевом назначении для детей младшего возраста, 5-10 лет
333 Примечание о целевом назначении __
a Примечание о целевом назначении для детей от 5 до 7 лет
454 Оригинал _0
1 700 1
a Stead
g Philip C.
1 2001
a Every dog in the neighborhood
f Philip C. Stead
517 Другие варианты заглавия 1_
a Другие варианты заглавия Каждая собака в моём районе
686 Индексы других классификаций __
2 Код системы rubbk
a Классификационный индекс Д
700 Автор _1
a Фамилия Стед
b Имя Ф. К.
g Полное личное имя Филип К.
f Даты 1982-
4 Код отношения 070
702 Вторичная интеллектуальная ответственность _1
a Фамилия Корделл
b Имя М.
g Полное личное имя Мэттью
f Даты 1975-
4 Код отношения 440
702 Вторичная интеллектуальная ответственность _1
a Фамилия Шмаков
b Имя А.
g Полное личное имя Александр
4 Код отношения 730
801 Источник записи _0
8 ARU
8 BРГДБ
8 C20240715
801 Источник записи _1
8 ARU
8 BРГДБ
8 C20240715
801 Источник записи _2
8 ARU
8 BРГДБ
8 C20240719
2 Код формата rusmarc
801 Источник записи _0
b Организация ГПНТБ России
a Страна RU
c Дата составления 20260430
801 Источник записи _1
b Организация ГПНТБ России
a Страна RU
c Дата составления 20260430
852 Данные о местонахождении 5_
a Наименование организации ГПНТБ России
m Суффикс шифра хранения 111130044
b Сигла хранения ЦГБ
p Инвентарный номер RU
899 Данные о местонахождении __
a Местонахождение ГПНТБ России
p Штрих-код 111130044
b Место хранения ЦГБ
h Классификационная часть РШ Д
i Авторский знак С 79
901 Тип документа __
a Ответственный заим.